| 000 | 00722nam a2200229 a 4500 | ||
|---|---|---|---|
| 008 | 951211s1980||||[C 0 slo c | ||
| 020 |
_c41 Kčs. _q(8400 výtl.) |
||
| 040 |
_aSNK _bslo _cSNK _eAACR2 |
||
| 041 | 1 |
_aslo _hscc |
|
| 044 |
_axo _cSK |
||
| 080 | _a886.1-3 | ||
| 100 | 1 |
_aDavičo, Oskar _4aut |
|
| 245 | 1 | 0 |
_aBáseň _cOskar Davičo ; Jarmila Samcová, Emil Bačík |
| 250 | _a1., vyd. | ||
| 260 |
_aBratislava _bPravda _c1980 _eBratislava _fPravda |
||
| 300 |
_a672 s., 34,93 AH _c21 cm |
||
| 490 | 0 | _aVrcholné diela svetovej socialistickej literatúry | |
| 500 | _aFot. na predsádkach. Ilustr. na tit. liste. Vysvetl. | ||
| 700 | 1 |
_aSamcová, Jarmila _4trl |
|
| 700 | 1 |
_aBačík, Emil _4bkd |
|
| 958 | _aA | ||
| 999 |
_c10420 _d10420 |
||